Record Details

THE END OF A SMOKER

JOHN OPPONG-MENSAH (Author).

Record details

  • ISBN: 9988828675
  • Physical Description: PAPER BACK
  • Edition: 1st Edition
  • Publisher: ACCRA SKY PUBLICATIONS 2007
Subject: juvenile fiction

Available copies

  • 1 of 1 copy available at Headquarters.
Location Call Number / Copy Notes Barcode Shelving Location Status Due Date
Accra Central Library 201 jFIC/OPP 000002574394 Childrens' Fiction - EXT Available -

No reviews or recommendations are currently available.

Loading shelf browser…

LDR 00407nam a2200181Ia 45e0
00161847
003HQ
00520221025094829.0
008200825s9999 gh a br 1 000 0 und d
020 . ‡a9988828675
037 . ‡aGOG
082 . ‡ajFIC/OPP
100 . ‡aJOHN OPPONG-MENSAH
245 . ‡aTHE END OF A SMOKER
250 . ‡a1st Edition
260 . ‡aACCRA
260 . ‡bSKY PUBLICATIONS
260 . ‡c2007
300 . ‡aPAPER BACK
365 . ‡a0.0
650 . ‡ajuvenile fiction
905 . ‡uegadmin
901 . ‡a61847 ‡b ‡c61847 ‡tbiblio ‡soclc

Session Timeout

Your session will expire in minutes and seconds.

If you need more time, please click "Continue Session."

Session Ended

Your session has ended. Redirecting to the home page...